[Event "Match"]
[Site "www.echecsemail.com"]
[Date "2015.07.20"]
[Round "1"]
[White "Carazo"]
[Black "Nugun"]
[WhiteElo "1599"]
[BlackElo "1630"]
[Result "0-1"]
[Round "1"]
1.e4 c6
2.Ng1f3 d5
3.e5 Bc8g4
4.h3 Bg4h5
5.g4 Bh5g6
6.Nb1c3 e6
7.d4 Qd8a5
8.Bc1d2 c5
9.Nc3xd5 Qa5d8
10.Nd5e3 Nb8c6
11.a4 cxd4
12.Ne3g2 Bf8c5
13.Bd2g5 Bc5b4
14.Bg5d2 f6
15.Bd2xb4 Nc6xb4
16.Bf1b5 Ke7
17.Nf3xd4 fxe5
18.c3 Nb4d5
19.O-O exd4
20.Qd1xd4 Ng8f6
21.Qd4c5 Kf7
22.Ra1d1 Nf6e4
23.Qc5c4 Ra8c8
24.Qc4b3 Ne4g5
25.Ng2f4 Ng5xh3
26.Nf4xh3 Qd8h4
27.Kh2 Nd5f4
28.c4 h5
29.Rd1d4 e5
30.Rd4d7 Kg8
31.c5 Kf8
32.Bb5c4 Bg6c2
33.Qb3f3 hxg4
34.Rd7f7 Ke8
35.Qf3g3 Qh4xh3
36.Qg3xh3 Rh8xh3
37.Kg1 Bc2e4
38.f3 gxf3
39.Rf7xg7 Rc8xc5
40.Rg7g8 Ke7
41.Rg8g7 Kf6
42.Rg7f7 Kg6
43.b3 Rh3g3
44.Kf2 Rg3g2
45.Ke1 Nf4d3
46.Kd1 f2
47.Ke2 Nd3f4
48.Kd2 Be4d5
49.Bc4xd5 Rc5xd5
50.Ke3 Kxf7
51.Kf3 Rg2g1
52.Kxf2 Rg1xf1
53.Kxf1 Rd5d1
54.Kf2 Rd1d3
55.b4 e4
{ resign }
0-1

[Event "Match"]
[Site "www.echecsemail.com"]
[Date "2015.07.20"]
[Round "1"]
[White "Wwgia"]
[Black "Ericleo1980"]
[WhiteElo "2040"]
[BlackElo "1809"]
[Result "0-1"]
[Round "1"]
1.d4 d5
2.c4 c6
3.Nb1c3 Ng8f6
4.Ng1f3 e6
5.Bc1g5 Nb8d7
6.e4 dxe4
7.Nc3xe4 Bf8b4
8.Bg5d2 Bb4xd2
9.Ne4xd2 Qd8a5
10.Bf1d3 e5
11.O-O O-O
12.Rf1e1 Rf8e8
13.b4 Qa5c7
14.Qd1c2 b6
15.dxe5 Nd7xe5
16.Nf3xe5 Re8xe5
17.Re1xe5 Qc7xe5
18.Ra1d1 Bc8g4
19.h3 Bg4xd1
{ resign }
0-1

[Event "Match"]
[Site "www.echecsemail.com"]
[Date "2015.07.20"]
[Round "1"]
[White "Bwvsdan"]
[Black "Danvsbw"]
[WhiteElo "1499"]
[BlackElo "1499"]
[Result "1-0"]
[Round "1"]
1.d4 Nb8c6
2.Bc1f4 Ng8f6
3.e4 e6
4.d5 d6
5.dxc6 bxc6
6.b4 a6
7.e5 dxe5
8.Bf4d2 Nf6g8
9.Bf1e2 Ng8e7
10.b5 axb5
11.Qd1c1 h5
12.Bd2g5 f6
13.Bg5h4 Bc8d7
14.Qc1e3 g6
15.Bh4xf6 Rh8h7
16.Bf6xe5 Ne7f5
17.Qe3f4 Bf8d6
18.Ng1h3 b4
19.Nh3g5  { time }
1-0

[Event "Match"]
[Site "www.echecsemail.com"]
[Date "2015.07.20"]
[Round "1"]
[White "Carazo"]
[Black "Alanocturna"]
[WhiteElo "1599"]
[BlackElo "1690"]
[Result "1-0"]
[Round "1"]
1.e4 g6
2.Ng1f3 Bf8g7
3.Bf1c4 Nb8c6
4.Bc4xf7 Kxf7
5.Nf3g5 Ke8
6.Qd1f3 Ng8f6
7.Qf3b3 e6
8.d3 Nc6d4
9.Qb3c3 Nd4b5
10.Qc3b4  { time }
1-0

[Event "Match"]
[Site "www.echecsemail.com"]
[Date "2015.07.20"]
[Round "1"]
[White "Chessexpert"]
[Black "Carazo"]
[WhiteElo "1580"]
[BlackElo "1599"]
[Result "0-1"]
[Round "1"]
1.c3 e5
2.d4 e4
3.Bc1f4 Ng8f6
4.e3 Nb8c6
5.d5 Nc6a5
6.b4 c6
7.bxa5 Bf8c5
8.dxc6 bxc6
9.Bf1e2 { time. }
0-1

[Event "Match"]
[Site "www.echecsemail.com"]
[Date "2015.07.20"]
[Round "1"]
[White "Carazo"]
[Black "Bbking"]
[WhiteElo "1599"]
[BlackElo "1480"]
[Result "1-0"]
[Round "1"]
1.e4 e5
2.Ng1f3 Nb8c6
3.Bf1c4 Bf8c5
4.d3 d6
5.Nf3g5 Bc8e6
6.Bc4xe6 fxe6
7.Qd1f3 Nc6d4
8.Qf3d1 Ng8f6
9.O-O O-O
10.c3 h6
11.cxd4 Bc5b6
12.Ng5xe6 Qd8e7
13.d5  { time }
1-0

[Event "Match"]
[Site "www.echecsemail.com"]
[Date "2015.07.20"]
[Round "1"]
[White "Reanna"]
[Black "Carazo"]
[WhiteElo "1600"]
[BlackElo "1599"]
[Result "0-1"]
[Round "1"]
1.c4 e5
2.Nb1c3 Bf8c5
3.e3 Ng8f6
4.d4 Bc5b4
5.dxe5 Bb4xc3
6.bxc3 Nf6e4
7.Bc1b2 O-O
8.Bf1d3 Ne4c5
9.Bd3c2 Rf8e8
10.Ng1f3 Nb8c6
11.O-O g6
12.e4 Nc6xe5
13.Nf3xe5 d6
14.Ne5f3 Re8e7
15.Nf3g5 Re7e5
16.f4 Re5e8
17.Qd1d5 Nc5e6
18.f5 c6
19.Ng5xf7 cxd5
20.Nf7xd8 Ne6xd8
21.f6 Kf7
22.cxd5 b6
23.c4 Bc8a6
24.Bc2d3 Ra8b8
25.Ra1b1 b5
26.cxb5 Ba6xb5
27.Bd3xb5 Rb8xb5
28.a4 Rb5b4
29.a5 Re8xe4
30.Bb2c3 Rb4c4
31.Bc3a1 Rc4c5
32.a6 Rc5xd5
33.Rb1b8 Nd8c6
34.Rb8b7 Kf8
35.Rb7xh7 Rd5h5
36.f7 Rh5xh7
37.Ba1c3 Re4h4
 { time }
0-1

[Event "Match"]
[Site "www.echecsemail.com"]
[Date "2015.07.20"]
[Round "1"]
[White "Andradamaria"]
[Black "Maestro"]
[WhiteElo "2220"]
[BlackElo "1900"]
[Result "1-0"]
[Round "1"]
1.c4 e5
2.Nb1c3 Ng8f6
3.g3 d5
4.cxd5 Nf6xd5
5.Bf1g2 Nd5xc3
6.bxc3 Bf8c5
7.e3 O-O
8.Ng1e2 c6
9.O-O Bc8g4
10.h3 Bg4e6
11.d4 exd4
{ time. }
1-0

[Event "Match"]
[Site "www.echecsemail.com"]
[Date "2015.07.20"]
[Round "1"]
[White "Generalfree"]
[Black "Yakke"]
[WhiteElo "1820"]
[BlackElo "1780"]
[Result "1-0"]
[Round "1"]
1.e4 e5
2.Ng1f3 f6
3.Nf3xe5 g6
4.Ne5g4 d5
5.exd5 Qd8xd5
6.Qd1e2 Bc8e6
7.Nb1c3 Qd5f5
8.Ng4e3 Qf5e5
9.g3 Ng8e7
10.Qe2b5 Nb8c6
11.Qb5xb7 Ra8b8
12.Qb7a6 Nc6b4
13.Qa6a4 Be6d7
14.Nc3b5 Bd7c6
15.f4 Bc6xb5
16.Qa4xb4 Ne7f5
17.Qb4xf8 Rh8xf8
18.fxe5 fxe5
19.Ne3d5 Rf8f7
20.c3 Bb5c6
21.Bf1c4 Nf5d6
22.b3 Nd6b7
23.d4 Nb7d6
24.dxe5 Nd6f5
25.Nd5f6 Rf7xf6
26.exf6 Bc6xh1
27.g4 Nf5d6
28.Bc4d3 Rb8b6
29.g5 Nd6f7
30.Bc1f4 Rb6e6
31.Kd2 Bh1f3
32.Bd3c4 Re6e4
33.Bf4xc7 Nf7xg5
34.Bc4b5 Kf8
35.Ra1f1 Bf3g2
36.Rf1f2 Re4g4
37.Bb5d3 Ng5f3
38.Ke2 Nf3g1
39.Kd1 Bg2f3
40.Kc2 Rg4f4
41.Bc7xf4 a5
42.Bf4e3 Bf3d5
43.c4 Bd5c6
44.f7 Ng1h3
45.Be3h6 Ke7
46.f8Q Kd7
47.Rf2f7 Ke6
48.Qf8e7 
1-0

[Event "Match"]
[Site "www.echecsemail.com"]
[Date "2015.07.20"]
[Round "1"]
[White "Generalfree"]
[Black "Whitekknight"]
[WhiteElo "1750"]
[BlackElo "1870"]
[Result "0-1"]
[Round "1"]
1.d4 d5
2.Nb1c3 Ng8f6
3.Bc1g5 h6
4.Bg5xf6 gxf6
5.f3 e5
6.e4 Bf8b4
7.Ng1e2 dxe4
8.fxe4 exd4
9.Ne2xd4 Bb4xc3
10.bxc3 Bc8e6
11.Nd4b5 Nb8d7
12.h3 a6
13.Nb5d4 Nd7c5
14.Qd1f3 Qd8e7
15.Ra1b1 Be6xa2
16.Rb1b2 Ba2e6
17.Bf1d3 Nc5xd3
18.cxd3 b6
19.O-O Ra8b8
20.Nd4c6 Qe7c5
21.Nc6d4 Qc5xc3
22.Qf3xf6 Rb8d8
23.Qf6xh8 Kd7
24.Rb2f2 Rd8xh8
25.Nd4xe6 Kxe6
{ resign }
0-1

[Event "Match"]
[Site "www.echecsemail.com"]
[Date "2015.07.20"]
[Round "1"]
[White "Llord"]
[Black "Culiflori"]
[WhiteElo "1730"]
[BlackElo "999"]
[Result "0-1"]
[Round "1"]
1.e4 e5
2.Ng1f3 Nb8c6
3.Bf1c4 Bf8c5
4.d3 Ng8f6
5.Bc1g5 d6
6.Nb1c3 h6
7.Bg5xf6 Qd8xf6
8.Nc3d5 Qf6d8
9.Bc4b5 Bc8d7
10.O-O O-O
11.a3 a6
12.Bb5a4 b5
13.Ba4b3 Bd7g4
14.h3 Bg4h5
15.c3 Nc6a5
16.d4 exd4
17.cxd4 Bh5xf3
18.Qd1xf3 Bc5xd4
19.Ra1b1 Na5xb3
20.Qf3xb3 c6
21.Nd5e3 Rf8e8
22.Qb3d3 Bd4xe3
23.Qd3xe3 d5
24.f3 d4
25.Qe3d3 Qd8b6
26.b4 a5
27.bxa5 Ra8xa5
28.Rf1e1 Qb6a7
29.Rb1a1 b4
30.a4 c5
31.f4 Ra5xa4
32.Ra1xa4 Qa7xa4
33.e5 Qa4a3
34.Qd3b5 Re8c8
35.f5 b3
36.e6 fxe6
37.fxe6 Qa3b4
38.Qb5xb4 cxb4
39.Re1b1 Rc8c3
40.Rb1f1 b2
41.e7 Rc3e3
42.Rf1b1 Re3xe7
43.Rb1xb2 d3
44.Rb2d2 Re7d7
45.Kf2 b3
46.Ke3 Rd7c7
47.Kxd3 Rc7d7
48.Kc3 Rd7xd2
49.Kxd2 Kf7
50.Kc3 Kf6
51.Kxb3 Kf5
52.Kc4 Kf4
53.Kd4 Kg3
54.Ke5 Kxg2
55.h4 Kg3
56.Kf5 Kxh4
57.Kg6 Kg4
{ resign }
0-1

[Event "Match"]
[Site "www.echecsemail.com"]
[Date "2015.07.20"]
[Round "1"]
[White "Seger"]
[Black "Jasmartin"]
[WhiteElo "2680"]
[BlackElo "1680"]
[Result "1-0"]
[Round "1"]
1.d4 f5
2.g3 Ng8f6
3.Ng1f3 g6
4.c4 d6
5.Nb1c3 Nb8c6
6.d5 Nc6b4
7.Qd1a4 Bc8d7
8.Qa4xb4 Qd8c8
9.Qb4b3 e6
10.dxe6 Bd7xe6
11.Nf3g5 Be6d7
12.c5 { resign }
1-0

[Event "Match"]
[Site "www.echecsemail.com"]
[Date "2015.07.20"]
[Round "1"]
[White "Irene"]
[Black "Stevep84"]
[WhiteElo "2010"]
[BlackElo "2120"]
[Result "0-1"]
[Round "1"]
1.d4 c6
2.e3 d5
3.Ng1f3 Bc8g4
4.Bf1e2 e6
5.h3 Bg4f5
6.g4 Bf5g6
7.Nf3d2 Bf8d6
8.h4 h6
9.Nd2f3 Nb8d7
10.h5 Bg6h7
11.b3 Qd8c7
12.Bc1a3 O-O-O
13.c4 Bd6xa3
14.Nb1xa3 Ng8e7
15.Qd1d2 Bh7e4
16.Rh1h3 Kb8
17.c5 Be4xf3
18.Rh3xf3 Rh8f8
19.O-O-O e5
20.Rd1e1 e4
21.Rf3g3 Rf8g8
22.Re1h1 Rd8f8
23.Qd2b4 f5
24.f4 exf3
25.Be2xf3 Qc7xg3
26.Bf3e2 Qg3xe3
27.Kd1 Ka8
28.Rh1e1 Rf8f7
29.Be2a6 Qe3f3
30.Ba6e2 Qf3f4
31.Na3c2 Rg8f8
32.Re1f1 Qf4e4
33.Rf1e1 fxg4
34.Be2a6 Qe4f3
35.Ba6e2 Qf3h3
36.a4 g3
37.a5 Nd7b8
38.a6 Nb8xa6
39.Be2xa6 bxa6
40.Qb4a4 g2
41.Nc2e3 Rf7f1
42.Qa4xa6 Qh3xe3
{ resign }
0-1

[Event "Match"]
[Site "www.echecsemail.com"]
[Date "2015.07.20"]
[Round "1"]
[White "Gavroche"]
[Black "Udo"]
[WhiteElo "1800"]
[BlackElo "1540"]
[Result "1-0"]
[Round "1"]
1.d4 d5
2.c4 dxc4
3.Nb1c3 c6
4.e4 Bc8e6
5.d5 Be6c8
6.Bf1xc4 cxd5
7.exd5 Ng8f6
8.Ng1f3 Bc8g4
9.O-O h5
10.Bc1f4 g6
11.h3 Bg4xf3
12.Qd1xf3 Bf8h6
13.Rf1e1 O-O
14.Bf4xh6 Rf8e8
15.Ra1d1 Kh7
16.Bh6g5 Re8f8
17.d6 Nf6g8
18.Bc4xf7 Nb8c6
19.dxe7 Nc6xe7
20.Rd1xd8 Rf8xd8
21.Qf3xb7 Rd8b8
22.Qb7d7 Rb8f8
23.Bf7xg8 Kxg8
24.Re1xe7 Rf8d8
25.Qd7e6 Kh8
26.Bg5f6 
1-0

[Event "Match"]
[Site "www.echecsemail.com"]
[Date "2015.07.20"]
[Round "1"]
[White "Harrytheking"]
[Black "Susov"]
[WhiteElo "1690"]
[BlackElo "1800"]
[Result "0-1"]
[Round "1"]
1.c4 e5
2.e4 Ng8f6
3.d3 Nb8c6
4.Ng1f3 Bf8c5
5.h3 h6
6.a3 a6
7.b4 Bc5d4
8.Nf3xd4 Nc6xd4
9.Nb1d2 d6
10.Nd2b3 Nd4e6
11.Bf1e2 Bc8d7
12.O-O Ne6g5
13.c5 Bd7a4
14.Ra1b1 Qd8d7
15.cxd6 Qd7xd6
16.Qd1d2 Ba4xb3
17.Qd2c3 Bb3a4
18.Be2d1 Ba4d7
19.Rf1e1 O-O
20.Bd1b3 Bd7e6
21.Bc1e3 Ng5xh3
22.gxh3 Be6xh3
23.f3 Ra8d8
24.Be3c5 Qd6c6
25.Qc3xe5 Rf8e8
26.Qe5g3 Bh3e6
27.Bb3xe6 Qc6xe6
28.Qg3xc7 Rd8d7
29.Qc7g3 Rd7xd3
30.e5 Nf6h5
31.Qg3h2 Qe6g6
32.Kf2 Rd3d2
{ resign }
0-1

[Event "Match"]
[Site "www.echecsemail.com"]
[Date "2015.07.20"]
[Round "1"]
[White "Iko"]
[Black "Vattila2010"]
[WhiteElo "1500"]
[BlackElo "1810"]
[Result "0-1"]
[Round "1"]
1.e4 c5
2.c4 e5
3.Ng1f3 d6
4.Qd1a4 Qd8d7
5.Nb1c3 Qd7xa4
6.Nc3xa4 Bc8d7
7.Na4c3 Nb8c6
8.Nc3d5 Ra8c8
9.a4 Nc6b4
10.Kd1 Ng8e7
11.Nd5xb4 cxb4
12.b3 a5
13.Bf1e2 h6
14.d4 Bd7g4
15.dxe5 Bg4xf3
16.Be2xf3 dxe5
17.Rh1e1 Rc8d8
18.Ke2 Ne7c6
19.Bc1e3 g5
20.Re1d1 Nc6d4
21.Be3xd4 exd4
22.Rd1d3 f6
23.Ra1d1 Bf8c5
24.g3 h5
25.Rd1h1 g4
26.Bf3g2 b6
27.h4 Kf8
28.f4 Rh8h7
29.Rh1e1 Rh7e7
30.Kf1 Rd8d6
31.e5 fxe5
32.Re1xe5 Re7xe5
33.fxe5 Rd6e6
34.Rd3d2 Re6xe5
35.Rd2f2 Ke7
36.Rf2e2 Re5xe2
37.Kxe2 Bc5d6
38.Bg2e4 Kf6
39.Kd3 Bd6xg3
40.Kxd4 Bg3xh4
41.Ke3 Bh4g5
42.Kf2 h4
43.Kg2 g3
44.Kh3 Ke5
45.Be4c6 Kd4
46.Bc6f3 Ke3
47.Kg2 Kd2
48.Kh3 Kc2
49.Bf3d5 Kxb3
50.c5 Kxa4
51.cxb6 Bg5f4
52.Kxh4 b3
53.b7 b2
54.Bd5e4 Bf4b8
55.Be4b1 Kb5
56.Kh3 Kb6
57.Bb1e4 a4
58.Kg2 a3
59.Be4b1 Kxb7
60.Kh3 Kb6
61.Kg2 Kc5
62.Kg1 Kb4
63.Kg2 Kb3
64.Kg1 a2
65.Bb1xa2 Kxa2
66.Kg2 b1Q
67.Kf3 Qb1b3
68.Kg2 Qb3c2
69.Kh3 Qc2h2
70.Kg4 g2
71.Kf3 g1Q
72.Ke4 Qh2e2
73.Kd5 Qg1d1
74.Kc5 Qe2c2
75.Kb4 Qd1b1
76.Ka5 Qc2c5
77.Ka4 Qb1b4

0-1

[Event "Match"]
[Site "www.echecsemail.com"]
[Date "2015.07.20"]
[Round "1"]
[White "F14"]
[Black "Ugarovesk"]
[WhiteElo "1830"]
[BlackElo "2129"]
[Result "0-1"]
[Round "1"]
1.d4 d5
2.c4 Ng8f6
3.Nb1c3 e6
4.cxd5 exd5
5.Bc1g5 Bf8e7
6.e3 O-O
7.Ng1f3 Bc8g4
8.Bf1e2 h6
9.Bg5f4 c6
10.O-O Be7d6
11.Bf4xd6 Qd8xd6
12.Nf3e5 Bg4xe2
13.Qd1xe2 Nb8d7
14.Ne5xd7 Qd6xd7
15.e4 dxe4
16.Nc3xe4 Qd7xd4
17.Ne4xf6 Qd4xf6
18.b3 Rf8e8
19.Qe2c2 Re8e6
20.Ra1e1 Ra8e8
21.Re1xe6 Qf6xe6
22.Qc2c5 b6
23.Qc5c2 c5
24.h3 Qe6e2
25.Qc2b1 Qe2e4
26.Qb1b2 Qe4d3
27.a4 Re8e6
28.Qb2a2 Re6g6
29.a5 Qd3xh3
30.f3 b5
31.Qa2e2 a6
32.Qe2e8 Kh7
33.Rf1f2 Qh3f5
34.Qe8e3 Rg6e6
35.Qe3d2 Qf5b1
36.Rf2f1 Qb1xb3
37.Rf1d1 c4
38.f4 Qb3e3
39.Qd2xe3 Re6xe3
40.Rd1d6 Re3e6
41.Rd6d7 c3
42.Rd7c7 b4
43.Rc7c4 f5
44.Rc4xb4 c2
45.Rb4c4 Re6e1
{ resign }
0-1

[Event "Match"]
[Site "www.echecsemail.com"]
[Date "2015.07.20"]
[Round "1"]
[White "Pariolinius"]
[Black "Cyrilgeorge"]
[WhiteElo "1790"]
[BlackElo "1780"]
[Result "1-0"]
[Round "1"]
1.Ng1f3 f5
2.g3 g6
3.Bf1g2 d6
4.d4 b6
5.c4 Bc8b7
6.Nb1c3 Nb8d7
7.O-O c5
8.d5 Bf8g7
9.Bc1d2 Ng8f6
10.Nf3g5 Qd8c8
11.Ng5e6 Rh8g8
12.Ne6xg7 Kf7
13.Ng7e6 Nf6e8
14.Bd2g5 Ne8f6
15.e4 Nf6xe4
16.Nc3xe4 fxe4
17.Bg2xe4 Nd7f6
18.Qd1f3 Qc8e8
19.Ne6c7 Qe8d8
20.Nc7xa8 Bb7xa8
21.Ra1e1 Ke8
22.Be4c2 Rg8f8
23.Qf3e3 Rf8f7
24.Bc2a4 Kf8
25.Bg5h6 Kg8
26.f4 Nf6g4
27.Qe3c3 Ng4xh6
28.Ba4c2 Qd8d7
29.Re1e6 Rf7f6
30.Rf1e1 Rf6xe6
31.Re1xe6 Qd7e8
32.h3 Nh6f5
33.Bc2xf5 gxf5
34.Qc3e3 Ba8b7
35.Re6xe7 Qe8c8
36.Re7e8 { resign }
1-0

[Event "Match"]
[Site "www.echecsemail.com"]
[Date "2015.07.20"]
[Round "1"]
[White "Norbos"]
[Black "Redabond"]
[WhiteElo "1600"]
[BlackElo "1499"]
[Result "1-0"]
[Round "1"]
1.e4 e5
2.d3 Bf8c5
3.Ng1h3 Ng8f6
4.Bf1e2 O-O
5.Nb1c3 d6
6.Bc1g5 h6
7.Bg5h4 Nb8c6
8.Qd1d2 Bc8xh3
9.gxh3 g5
10.Bh4g3 Nf6d7
11.h4 f6
12.O-O-O Kg7
13.Be2h5 Bc5b4
14.Rh1g1 a5
15.hxg5 hxg5
16.Qd2e3 Rf8h8
17.Qe3f3 Nc6d4
18.Qf3g4 Qd8e7
19.Nc3d5 Qe7d8
20.Bg3h4 c6
21.Nd5xf6 Qd8xf6
22.Qg4xd7 Kf8
23.Bh4xg5 Qf6e6
24.Bg5h6 Rh8xh6
25.Qd7g7 { resign }
1-0

[Event "Match"]
[Site "www.echecsemail.com"]
[Date "2015.07.20"]
[Round "1"]
[White "Kesalon"]
[Black "Ditto"]
[WhiteElo "1940"]
[BlackElo "1760"]
[Result "1-0"]
[Round "1"]
1.e4 e5
2.Ng1f3 Nb8c6
3.Bf1c4 Ng8f6
4.Nf3g5 d5
5.exd5 Nc6d4
6.d6 Qd8xd6
7.Bc4xf7 Kd8
8.Bf7b3 Qd6c6
9.O-O Bc8g4
10.f3 Bg4h5
11.d3 Bf8c5
12.Kh1 h6
13.Ng5e4 Nd4f5
14.Ne4xc5 Qc6xc5
15.Nb1c3 Nf5d4
16.Bc1e3 Qc5d6
17.Nc3e4 Nf6d7
18.Ne4xd6 cxd6
19.Be3xd4 exd4
20.Qd1d2 g5
21.Rf1e1 Nd7e5
22.Qd2b4 Ke7
23.Qb4xb7 Kf6
24.g4 Bh5g6
25.Kg2 Rh8d8
26.Qb7b4 Ra8b8
27.Qb4xd4 a5
28.a4 Rb8b4
29.Qd4a7 Rb4f4
30.d4 Ne5d7
31.Qa7c7 Rd8f8
32.Qc7xd7 Rf4xd4
33.Qd7e7 { resign }
1-0

[Event "Match"]
[Site "www.echecsemail.com"]
[Date "2015.07.20"]
[Round "1"]
[White "Levelibeka"]
[Black "Roqueur"]
[WhiteElo "2570"]
[BlackElo "2640"]
[Result "0-1"]
[Round "1"]
1.e4 c5
2.d4 cxd4
3.c3 dxc3
4.Nb1xc3 Nb8c6
5.Ng1f3 e6
6.a3 a6
7.Bc1f4 Ng8e7
8.Bf4d6 f6
9.Bf1e2 b5
10.O-O Ne7g6
11.Bd6xf8 Rh8xf8
12.Qd1d6 Kf7
13.Rf1d1 Qd8e7
14.Qd6c7 Ng6e5
15.Rd1d2 Qe7c5
16.Ra1d1 Ra8a7
17.Qc7d6 Qc5xd6
18.Rd2xd6 Ra7c7
19.Rd6d2 Nc6a5
20.Nf3xe5 fxe5
21.f3 Ke7
22.Kf2 Na5b3
23.Rd2d6 Nb3d4
24.Rd6b6 Rc7c5
25.Rd1c1 d6
{ resign }
0-1

[Event "Match"]
[Site "www.echecsemail.com"]
[Date "2015.07.20"]
[Round "1"]
[White "Generalfree"]
[Black "Karlgrocer"]
[WhiteElo "1750"]
[BlackElo "1870"]
[Result "1-0"]
[Round "1"]
1.d4 d5
2.Bc1f4 Ng8f6
3.Nb1c3 a6
4.f3 e6
5.e4 dxe4
6.fxe4 Bf8e7
7.Ng1f3 O-O
8.a3 Nf6d7
9.b4 c6
10.Bf1d3 a5
11.b5 cxb5
12.Nc3xb5 Nd7f6
13.Bf4c7 Qd8e8
14.c4 Bc8d7
15.Nb5d6 Be7xd6
16.Bc7xd6 Nb8c6
{ time. }
1-0

[Event "Match"]
[Site "www.echecsemail.com"]
[Date "2015.07.20"]
[Round "1"]
[White "Delacey"]
[Black "Reanna"]
[WhiteElo "1900"]
[BlackElo "1610"]
[Result "1-0"]
[Round "1"]
1.e4 e5
2.f4 Nb8c6
3.h4 Ng8f6
4.Nb1c3 d6
5.d3 Nc6d4
6.f5 c6
7.Bc1e3 Bf8e7
8.Ng1f3 Nf6g4
9.Be3g1 Nd4xf3
10.Qd1xf3 Be7xh4
11.g3 Bh4xg3
12.Qf3xg3 Qd8g5
13.Bf1e2 h5
14.Be2xg4 Qg5f4
15.Qg3xf4 exf4
16.Rh1xh5 Rh8xh5
17.Bg4xh5 Bc8d7
18.Bg1h2 Ke7
19.Bh2xf4 Ra8h8
20.Bh5f3 f6
21.O-O-O b5
22.Rd1e1 Kf7
23.Nc3e2 d5
24.exd5 c5
25.Bf4d6 c4
26.dxc4 bxc4
27.Ne2d4 Rh8h4
28.Nd4c6 Bd7xf5
29.Re1e7 Kg6
30.Re7xa7 Rh4h3
31.Nc6d4 Rh3h4
32.Nd4e6 Bf5g4
33.Ra7xg7 Kf5
34.Bf3xg4 Rh4xg4
35.Rg7xg4 Kxg4
36.Bd6e7 f5
37.d6 { resign }
1-0

[Event "Match"]
[Site "www.echecsemail.com"]
[Date "2015.07.20"]
[Round "1"]
[White "Glenno"]
[Black "Andradamaria"]
[WhiteElo "2320"]
[BlackElo "2119"]
[Result "1-0"]
[Round "1"]
1.e4 c5
2.Ng1f3 d6
3.d4 cxd4
4.Nf3xd4 Ng8f6
5.Nb1c3 a6
6.Bc1g5 Nb8d7
7.Bf1c4 e6
8.Bc4b3 Bf8e7
9.Bg5xf6 Nd7xf6
10.O-O O-O
11.f4 Qd8c7
12.Rf1f3 e5
13.fxe5 dxe5
14.Nd4f5 Be7c5
15.Kh1 Nf6g4
16.Qd1e2 Ng4f2
17.Rf3xf2 Bc5xf2
18.Qe2xf2 Bc8xf5
19.Qf2xf5 Ra8d8
20.Ra1d1 Rd8xd1
21.Nc3xd1 Rf8d8
22.Nd1e3 Rd8d4
23.c3 Rd4d2
24.Ne3c4 Rd2e2
25.h3 g6
26.Qf5xe5 Qc7d7
27.Qe5b8 Kg7
28.Nc4e5 Qd7e7
29.Ne5xf7 { resign }
1-0

[Event "Match"]
[Site "www.echecsemail.com"]
[Date "2015.07.20"]
[Round "1"]
[White "Andradamaria"]
[Black "Calponas"]
[WhiteElo "2119"]
[BlackElo "2050"]
[Result "1/2-1/2"]
[Round "1"]
1.e4 c5
2.Ng1f3 d6
3.d4 cxd4
4.Nf3xd4 Ng8f6
5.Nb1c3 a6
6.Bc1e3 e5
7.Nd4b3 Bf8e7
8.Bf1e2 O-O
9.a4 b6
10.O-O Bc8e6
11.Qd1d2 Rf8e8
12.Ra1d1 Nb8c6
13.Nc3d5 Be6xd5
14.exd5 Nc6a7
15.Be3g5 b5
16.axb5 Na7xb5
17.Bg5xf6 Be7xf6
18.Qd2a5 Qd8c8
19.Be2xb5 axb5
20.Qa5xb5 Qc8xc2
21.Rd1d2 Qc2c8
22.Rf1c1 { draw }
1/2-1/2

[Event "Match"]
[Site "www.echecsemail.com"]
[Date "2015.07.20"]
[Round "1"]
[White "Hyeena"]
[Black "Kollipaa"]
[WhiteElo "1339"]
[BlackElo "2000"]
[Result "0-1"]
[Round "1"]
1.e3 b6
2.a4 a5
3.c3 Bc8b7
4.Ng1e2 Ng8f6
5.Ne2f4 e5
6.Nf4h5 Nf6xh5
7.Qd1xh5 d6
8.Bf1b5 c6
9.Bb5c4 Qd8f6
10.Qh5xf7 Qf6xf7
11.Bc4xf7 Kxf7
12.O-O Bf8e7
13.d3 Rh8e8
14.Rf1e1 Kg8
15.Nb1d2 Nb8d7
16.Nd2c4 d5
17.Nc4a3 Bb7a6
18.Re1d1 Nd7f8
19.e4 Ra8d8
20.Bc1e3 d4
21.Be3d2 Be7f6
22.Na3c4 Ba6xc4
23.dxc4 Nf8e6
24.f3 c5
25.Ra1b1 Rd8d7
26.g3 Re8d8
27.f4 Rd7d6
28.fxe5 Bf6xe5
29.Bd2f4 Ne6xf4
30.gxf4 Be5xf4
31.b3 dxc3
32.Rd1xd6 Rd8xd6
33.Kg2 c2
34.Rb1f1 c1Q
35.Rf1xc1 Rd6d3
36.Rc1b1 g5
37.h3 Kg7
38.Rb1f1 Rd3e3
39.h4 h6
40.Rf1f3 Re3xe4
41.Kh3 Re4e3
42.Kg4 h5
43.Kxh5 Re3xf3
44.hxg5 Bf4xg5
45.b4 axb4
{ time. }
0-1

[Event "Match"]
[Site "www.echecsemail.com"]
[Date "2015.07.20"]
[Round "1"]
[White "Grimsby"]
[Black "Hundegana"]
[WhiteElo "1700"]
[BlackElo "1960"]
[Result "0-1"]
[Round "1"]
1.d4 d6
2.g3 c5
3.dxc5 Qd8a5
4.Nb1c3 Qa5xc5
5.Bf1g2 a6
6.e4 e5
7.Bc1e3 Qc5c6
8.Ng1e2 Bf8e7
9.O-O Ng8f6
10.Nc3d5 Nf6xd5
11.exd5 Qc6c7
12.f4 O-O
13.f5 f6
14.b3 Nb8d7
15.c4 b5
16.Ra1c1 Nd7b8
17.cxb5 Qc7b7
18.bxa6 Ra8xa6
19.Rc1c2 Bc8d7
20.g4 Rf8c8
21.Qd1c1 Ra6xa2
22.Rc2xc8 Bd7xc8
23.Ne2g3 Bc8d7
 { time }
0-1

[Event "Match"]
[Site "www.echecsemail.com"]
[Date "2015.07.20"]
[Round "1"]
[White "Expert"]
[Black "Ditto"]
[WhiteElo "1680"]
[BlackElo "1630"]
[Result "1-0"]
[Round "1"]
1.e4 c5
2.Nb1c3 e6
3.Ng1f3 Ng8f6
4.d4 cxd4
5.Nf3xd4 Bf8c5
6.Bc1e3 O-O
7.Bf1e2 d6
8.O-O e5
9.Nd4f5 Bc5xe3
10.Nf5xe3 Nb8c6
11.Ne3d5 Nf6xd5
12.Nc3xd5 Bc8e6
13.c3 a6
14.Qd1d2 Ra8b8
15.Ra1d1 Qd8a5
16.a3 b5
17.Qd2e3 Qa5d8
18.Qe3d2 Qd8a5
19.Nd5b4 Nc6e7
20.f4 Qa5b6
21.Kh1 Ne7g6
22.f5 Ng6f4
23.Be2f3 Rb8d8
24.fxe6 Nf4xe6
25.Nb4d5 Qb6b7
26.Bf3g4 Ne6c5
27.Qd2e3 Nc5e6
28.Bg4xe6 fxe6
29.Nd5b4 Qb7c8
30.Rf1xf8 Rd8xf8
31.h3 Rf8d8
32.Qe3f2 Rd8f8
33.Qf2e2 Rf8f4
34.Rd1xd6 Rf4f6
35.Qe2d2 Rf6f8
36.Nb4c6 Qc8e8
37.Qd2d3 Rf8f4
38.Rd6d8 Qe8xd8
39.Qd3xd8 Kf7
40.Nc6xe5 
1-0

[Event "Match"]
[Site "www.echecsemail.com"]
[Date "2015.07.20"]
[Round "1"]
[White "Harrytheking"]
[Black "Micheles"]
[WhiteElo "1690"]
[BlackElo "2570"]
[Result "0-1"]
[Round "1"]
1.c4 Ng8f6
2.Nb1c3 e5
3.e4 Bf8c5
4.Ng1h3 O-O
5.Bf1e2 d6
6.Nc3a4 Nf6xe4
7.Na4xc5 Ne4xc5
8.b4 Nc5e6
9.O-O Ne6d4
10.Be2d3 Qd8h4
11.Rf1e1 Bc8g4
12.Qd1a4 Bg4xh3
13.Bd3e4 Bh3d7
14.b5 c6
15.bxc6 Bd7xc6
16.Be4xc6 Nb8xc6
17.d3 Ra8b8
18.Re1e4 Qh4h5
19.Bc1d2 f5
20.Re4e1 f4
21.c5 f3
22.g3 Qh5h3
23.Re1e4 Qh3g2

0-1

[Event "Match"]
[Site "www.echecsemail.com"]
[Date "2015.07.20"]
[Round "1"]
[White "Whitekknight"]
[Black "Cyrilgeorge"]
[WhiteElo "1870"]
[BlackElo "1780"]
[Result "1-0"]
[Round "1"]
1.e4 e5
2.Ng1f3 f6
3.Bf1c4 Ng8e7
4.Nb1c3 c6
5.d4 d5
6.exd5 Ne7xd5
7.Nc3xd5 cxd5
8.Bc4b5 Bc8d7
9.Bb5xd7 Nb8xd7
10.O-O e4
11.Rf1e1 Qd8a5
12.Bc1d2 Bf8b4
13.c3 Bb4d6
14.b4 Qa5c7
15.g3 O-O-O
16.Nf3h4 g5
17.Nh4f5 b5
18.Qd1e2 a6
19.Nf5xd6 Qc7xd6
20.a4 Nd7b8
21.axb5 Kb7
22.bxa6 Nb8xa6
23.Ra1a5 Rd8a8
24.Re1a1 Ra8a7
25.b5 Rh8a8
26.bxa6 Ra7xa6
27.Ra1b1 Kc7
28.Ra5c5 Ra6c6
29.Rc5xc6 Qd6xc6
30.Kg2 Ra8b8
31.Rb1xb8 Kxb8
32.Qe2d1 Qc6e6
33.Qd1b3 Kc7
34.Qb3b5 Qe6c6
35.Qb5a5 Qc6b6
36.Qa5xd5 Qb6b2
37.Bd2e1 Qb2e2
38.Qd5a5 Kd6
39.Qa5a3 Kd5
40.Qa3c1 f5
41.Qc1d2 Qe2xd2
42.Be1xd2 h6
43.f3  { time }
1-0

[Event "Match"]
[Site "www.echecsemail.com"]
[Date "2015.07.20"]
[Round "1"]
[White "Colchester"]
[Black "Drharislacan"]
[WhiteElo "2040"]
[BlackElo "1699"]
[Result "1-0"]
[Round "1"]
1.e4 a6
2.d4 Ng8f6
3.e5 Nf6d5
4.c4 Nd5b4
5.a3 Nb4d3
6.Bf1xd3 h6
7.Nb1c3 Nb8c6
{ time. }
1-0

[Event "Match"]
[Site "www.echecsemail.com"]
[Date "2015.07.20"]
[Round "1"]
[White "Orae"]
[Black "Cccp"]
[WhiteElo "1969"]
[BlackElo "1150"]
[Result "1-0"]
[Round "1"]
1.e4 e6
2.Ng1f3 d5
3.Bf1b5 Bc8d7
4.Qd1e2 c5
5.Nf3e5 Qd8e7
6.O-O a6
7.Bb5xd7  { time }
1-0

[Event "Match"]
[Site "www.echecsemail.com"]
[Date "2015.07.20"]
[Round "1"]
[White "Hardland"]
[Black "Harrytheking"]
[WhiteElo "1700"]
[BlackElo "1690"]
[Result "0-1"]
[Round "1"]
1.c4 e6
2.Nb1c3 Nb8c6
3.Ng1f3 h6
4.g3 Ng8f6
5.Bf1g2 d6
6.O-O Bf8e7
7.a3 O-O
8.b4 a6
9.Bc1b2 b5
10.Nf3d4 d5
11.cxd5 Nc6xd4
12.dxe6 Ra8a7
13.exf7 Rf8xf7
14.e3 Nd4e6
15.Nc3e2 Bc8b7
16.Bg2xb7 Ra7xb7
17.Ne2d4 Ne6xd4
18.Bb2xd4 Qd8d5
19.Ra1c1 Be7d6
20.Bd4xf6 Rf7xf6
21.d4 c6
22.Qd1e2 Rb7f7
23.f4 Qd5e4
24.Qe2c2 Qe4xe3
25.Rf1f2 Qe3xd4
26.Qc2xc6 Bd6xf4
27.Qc6c8 Kh7
28.Qc8c2 g6
29.Rc1d1 Qd4b6
30.Kg2 Qb6b7
31.Kf1 Qb7h1
32.Ke2 Rf7e7
33.Kd3 Rf6d6
34.Kc3 Bf4e5
35.Kb3 Rd6xd1
36.Qc2c5 Rd1b1
37.Ka2 Rb1a1
38.Kb3 Qh1b1
{ resign }
0-1